Parfum des brumes Yves Rocher - Statistiques

Statistiques générales
  • Ce quiz a été pris 17 fois
  • Le résultat moyen est 4 sur 9
Statistiques - réponses
Parfum % Correct
Vanille Bourbon
100%
Noix de coco
75%
Framboise et Menthe Poivrée
69%
Mangue et Coriandre
56%
Algue sauvage et Criste marine
38%
Argan et Pétales de Roses
38%
Fleur des Prés et Bruyères
13%
Verveine citronnée & Fleur de Camomille
13%
Aiguilles de pin
0%
Aucun quiz correspondant
Distribution des résultats
% des personnes avec chaque résultat
Percentile par nombre de réponses
Votre historique - résultats
Vous n’avez pas pris ce quiz